000 01052nam a2200265 u 4500
001 000041971
005 20200120222403.0
008 101110s2009 cau r 000 0 spa d
020 _a9789588250670
043 _as-ck---
082 0 4 _a788.2861
_bD86
_221
100 1 _aDuque, Alexander
245 1 0 _a¡Que te pasa vo! canto de piel, semilla y chonta :
_bMúsicas del Pacifico Sur cartilla de iniciación músical /
_cAlexander Duque, Héctos Francisco Sánchez, Héctor Javier Tascón; Ministerio de Cultura.
250 _a1a. ed.
260 _aBogotá :
_bEl Ministerio,
_c2009.
300 _a49 p. :
_bil.
_e1 CD-ROM
500 _aEj.1 más CD-ROM Biblioteca Funza. Donados por el Ministerio de Cultura
500 _aPlan Nacional de Música para la Convivencia : Dirección de Artes-Area de música
650 1 7 _aInstrumentos musicales
_vEnseñanza
650 2 7 _aInstrumentos de viento
650 2 7 _aInterpretación musical
700 1 _aSánchez, Héctor Francisco
700 1 _aTascón, Héctor Javier
710 2 _aMinisterio de Cultura
999 _c2598
_d2598